[Event "Copenhagen Obro CXU New Year op"]
[Site "Copenhagen"]
[Date "2023.12.30"]
[Round "6"]
[White "Borge, Nikolaj"]
[Black "Nielsen, Viktor Haarmark"]
[Result "0-1"]
[WhiteElo "2385"]
[BlackElo "2341"]
[PlyCount "79"]
[EventDate "2023.12.27"]
[EventType "swiss"]
[EventRounds "7"]
[EventCountry "DEN"]
[SourceTitle "CB01_2024"]
[SourceDate "2024.01.03"]
[SourceVersion "1"]
[SourceVersionDate "2024.01.03"]
[SourceQuality "1"]

1. e4 c5 2. Nf3 e6 3. d4 cxd4 4. Nxd4 Nc6 5. Nc3 Qc7 6. g3 a6 7. Bg2 Nf6 8. 0-0 Nxd4 9. Qxd4 Bc5 10. Bf4 d6 11. Qd2 h6 12. Rad1 e5 13. Be3 Bb4 14. Nb5 axb5 15. Qxb4 Rxa2 16. Rxd6 0-0 17. b3 Be6 18. Rb6 Qxc2 19. Qxb5 Ng4 20. Bc5 Rc8 21. b4 Nf6 22. Rxe6 fxe6 23. Qxb7 Rd8 24. Qb6 Rd1 25. Qxe6+ Kh8 26. Qc8+ Ng8 27. Qg4 Rc1 28. h3 Rxf1+ 29. Bxf1 Ra1 30. Kg2 Qb1 31. Qe2 Nf6 32. Qd3 Qe1 33. b5 Nxe4 34. Be3 Ra2 35. Kf3 Nxf2 36. Qd8+ Kh7 37. Bd3+ e4+ 38. Bxe4+ Nxe4 39. Kxe4 Ra4+ 40. Kf3 0-1

[Event "Copenhagen Obro CXU New Year op"]
[Site "Copenhagen"]
[Date "2023.12.27"]
[Round "1"]
[White "Nielsen, Viktor Haarmark"]
[Black "Hove, Svend Kjems"]
[Result "1-0"]
[WhiteElo "2341"]
[BlackElo "1849"]
[PlyCount "79"]
[EventDate "2023.12.27"]
[EventType "swiss"]
[EventRounds "7"]
[EventCountry "DEN"]
[SourceTitle "CB01_2024"]
[SourceDate "2024.01.03"]
[SourceVersion "1"]
[SourceVersionDate "2024.01.03"]
[SourceQuality "1"]

1. Nf3 f5 2. d3 Nf6 3. e4 g6 4. e5 Ng4 5. d4 c5 6. h3 Nh6 7. d5 Bg7 8. Bc4 0-0 9. 0-0 Nf7 10. Re1 Kh8 11. Nc3 Na6 12. Bf4 Qb6 13. Qc1 Qb4 14. Bf1 c4 15. a3 Qc5 16. Qe3 h6 17. h4 Qxe3 18. Rxe3 b6 19. Bxc4 Bb7 20. e6 Nd6 21. Bxd6 exd6 22. e7 Rfc8 23. Rae1 Nc7 24. Bb5 f4 25. Rd3 Ne8 26. Bxd7 Rc7 27. Bc6 Bxc6 28. dxc6 Rxc6 29. Re4 Rc7 30. Nb5 Rc6 31. Rxf4 Bxb2 32. Rf8+ Kg7 33. Nxd6 g5 34. Nxe8+ Kg6 35. h5+ Kxh5 36. Ng7+ Bxg7 37. Rxa8 Rxc2 38. e8Q+ Kg4 39. Qe4+ Kh5 40. g4# 1-0

[Event "Copenhagen CC IM"]
[Site "Ballerup"]
[Date "2023.08.27"]
[Round "9"]
[White "Jogstad, Martin"]
[Black "Nielsen, Viktor Haarmark"]
[Result "0-1"]
[WhiteElo "2409"]
[BlackElo "2345"]
[PlyCount "160"]
[EventDate "2023.08.23"]
[EventType "tourn"]
[EventRounds "9"]
[EventCountry "DEN"]
[EventCategory "3"]
[SourceTitle "EXT 2024"]
[Source "ChessBase"]
[SourceDate "2023.10.10"]
[SourceVersion "1"]
[SourceVersionDate "2023.10.10"]
[SourceQuality "1"]

1. d4 Nf6 2. Nf3 d5 3. c3 e6 4. Bf4 Bd6 5. e3 0-0 6. Nbd2 b6 7. Bd3 Bxf4 8. exf4 Ba6 9. Bxa6 Nxa6 10. Qe2 Qc8 11. Rg1 c5 12. g4 cxd4 13. Nxd4 Nc5 14. N2f3 Nfe4 15. Ne5 Qc7 16. f3 Nd6 17. g5 Nc4 18. Kf1 a6 19. Rg4 Nxe5 20. fxe5 Nd7 21. Re1 Qc4 22. Qxc4 dxc4 23. Nc6 b5 24. h4 Rfe8 25. h5 Rac8 26. Nd4 Rc5 27. f4 Rd5 28. Kf2 Nc5 29. Ke3 Nd7 30. Rg2 Nf8 31. Rd1 Nd7 32. Rgd2 Nb6 33. Nc6 Kf8 34. Nb4 Rxd2 35. Rxd2 a5 36. Nc6 Nd5+ 37. Ke4 Rc8 38. Rxd5 exd5+ 39. Kxd5 b4 40. f5 bxc3 41. bxc3 Rc7 42. Kd6 Rb7 43. Nxa5 Ra7 44. Nc6 Rxa2 45. Kd7 Rd2+ 46. Nd4 Ra2 47. Nb5 Rd2+ 48. Nd6 Ra2 49. Nb5 Rd2+ 50. Nd4 Ra2 51. g6 hxg6 52. hxg6 Ra7+ 53. Kd6 fxg6 54. fxg6 Ke8 55. e6 Ra5 56. Nc6 Rg5 57. Ne5 Rg3 58. Nxc4 Rxc3 59. Ne5 Rg3 60. Kd5 Rg1 61. Nd7 Rxg6 62. Ne5 Rg1 63. Nf7 Ke7 64. Ke5 Re1+ 65. Kf5 Rxe6 66. Ne5 Rf6+ 67. Kg5 Ke6 68. Ng6 Rf5+ 69. Kg4 Kf6 70. Nf4 Ra5 71. Nh5+ Rxh5 72. Kxh5 Kf5 73. Kh4 Kf4 74. Kh3 g5 75. Kh2 Kf3 76. Kh3 g4+ 77. Kh2 Kf2 78. Kh1 Kg3 79. Kg1 Kh3 80. Kf2 Kh2 0-1

[Event "Copenhagen Obro CXU op"]
[Site "Copenhagen"]
[Date "2023.07.30"]
[Round "9"]
[White "Westrum, Kim Roger Hansen"]
[Black "Nielsen, Viktor Haarmark"]
[Result "1/2-1/2"]
[WhiteElo "2106"]
[BlackElo "2345"]
[PlyCount "61"]
[EventDate "2023.07.24"]
[EventType "swiss"]
[EventRounds "9"]
[EventCountry "DEN"]
[SourceTitle "CBM 215 Extra"]
[Source "ChessBase"]
[SourceDate "2023.09.30"]
[SourceVersion "1"]
[SourceVersionDate "2023.09.30"]
[SourceQuality "1"]

1. e4 c5 2. c4 Nc6 3. Nc3 g6 4. g3 Bg7 5. Bg2 d6 6. Nge2 e6 7. d3 Nge7 8. 0-0 0-0 9. a3 a5 10. Rb1 Bd7 11. Be3 e5 12. Nb5 Be6 13. Bg5 f6 14. Bd2 Qd7 15. Nec3 Nd4 16. Nxd4 cxd4 17. Nd5 Nxd5 18. cxd5 Bf7 19. Qb3 Rfc8 20. Rbc1 a4 21. Qb6 Bf8 22. b3 axb3 23. Qxb3 Be8 24. Rb1 Rc7 25. Rfc1 Rac8 26. Rxc7 Rxc7 27. Ba5 Rc5 28. Bb4 Rc7 29. Ba5 Rc5 30. Bb4 Rc7 31. Ba5 1/2-1/2

[Event "Fredericia"]
[Site "Fredericia"]
[Date "2023.05.19"]
[Round "4"]
[White "Nielsen, Viktor Haarmark"]
[Black "Toktomushev, Teimur"]
[Result "1-0"]
[WhiteElo "2328"]
[BlackElo "2239"]
[PlyCount "75"]
[EventDate "2023.05.17"]
[EventType "tourn"]
[EventRounds "9"]
[EventCountry "DEN"]
[EventCategory "3"]
[SourceTitle "CBM 214 Extra"]
[Source "ChessBase"]
[SourceDate "2023.07.31"]
[SourceVersion "1"]
[SourceVersionDate "2023.07.31"]
[SourceQuality "1"]

1. d4 d5 2. c4 e6 3. Nf3 Nf6 4. g3 Be7 5. Bg2 0-0 6. 0-0 c6 7. Nc3 a5 8. Ne5 Nfd7 9. Nxd7 Nxd7 10. Qd3 b6 11. b3 Ba6 12. Rd1 c5 13. dxc5 Bxc5 14. Bb2 Ra7 15. Nb5 Bxb5 16. cxb5 Qg5 17. a3 Ne5 18. Qd2 Qf6 19. Rf1 a4 20. b4 Nc4 21. Bxf6 Nxd2 22. Bc3 Nxf1 23. bxc5 bxc5 24. Bxf1 Rb7 25. e4 c4 26. exd5 exd5 27. Rb1 Rfb8 28. Rb4 Rxb5 29. Rxa4 Rb1 30. Ra5 Rd8 31. Kg2 h6 32. Rc5 d4 33. Ba5 Rd7 34. Bxc4 d3 35. Bd5 Rb2 36. Rc8+ Kh7 37. Be4+ g6 38. Bc3 1-0

[Event "DEN-ch"]
[Site "Svendborg"]
[Date "2023.04.06"]
[Round "6"]
[White "Nielsen, Viktor Haarmark"]
[Black "Aagaard, Jacob"]
[Result "1/2-1/2"]
[WhiteElo "2335"]
[BlackElo "2449"]
[PlyCount "126"]
[EventDate "2023.04.01"]
[EventType "tourn"]
[EventRounds "9"]
[EventCountry "DEN"]
[EventCategory "9"]
[SourceTitle "CBM 213 Extra"]
[Source "ChessBase"]
[SourceDate "2023.05.31"]
[SourceVersion "1"]
[SourceVersionDate "2023.05.31"]
[SourceQuality "1"]

1. d4 Nf6 2. c4 g6 3. Nc3 Bg7 4. e4 d6 5. Be2 0-0 6. Nf3 e5 7. Be3 exd4 8. Nxd4 Re8 9. Qc2 Qe7 10. f3 c5 11. Nb3 Nc6 12. 0-0 Be6 13. Rfe1 Nh5 14. Qd2 f5 15. exf5 gxf5 16. f4 Nf6 17. Bf3 Rad8 18. Nd5 Qf7 19. Rad1 Ne4 20. Bxe4 fxe4 21. Rf1 Bxd5 22. cxd5 Nb4 23. Nc1 Qf5 24. b3 b5 25. a3 Nd3 26. Qa5 Nxc1 27. Rxc1 Qxd5 28. Qxb5 Rb8 29. Qc4 Qxc4 30. bxc4 Rb3 31. Kf2 Bd4 32. Rfe1 Rxa3 33. Rcd1 Bc3 34. Re2 Re6 35. f5 Rf6 36. g4 Be5 37. Bg5 Rf7 38. Rxe4 h5 39. Bf4 hxg4 40. Bxe5 Rxf5+ 41. Bf4 Rf3+ 42. Kg2 R3xf4 43. Rxf4 Rxf4 44. Rxd6 Rxc4 45. Ra6 Kf7 46. Kg3 Ke7 47. Rxa7+ Ke6 48. Rg7 Kf5 49. Rf7+ Ke5 50. Re7+ Kd5 51. Rd7+ Kc6 52. Rg7 Kb5 53. Rb7+ Ka4 54. Rc7 Kb4 55. Rb7+ Kc3 56. Rc7 Kd3 57. Rc8 Ke3 58. Rc7 Rc2 59. Kxg4 Rg2+ 60. Kh3 Rg5 61. Kh4 Kf4 62. h3 Rf5 63. Rxc5 Rxc5 1/2-1/2

[Event "DEN-ch"]
[Site "Svendborg"]
[Date "2023.04.03"]
[Round "3"]
[White "Nielsen, Viktor Haarmark"]
[Black "Borge, Nikolaj"]
[Result "1-0"]
[WhiteElo "2335"]
[BlackElo "2387"]
[PlyCount "77"]
[EventDate "2023.04.01"]
[EventType "tourn"]
[EventRounds "9"]
[EventCountry "DEN"]
[EventCategory "9"]
[SourceTitle "CBM 213 Extra"]
[Source "ChessBase"]
[SourceDate "2023.05.31"]
[SourceVersion "1"]
[SourceVersionDate "2023.05.31"]
[SourceQuality "1"]

1. d4 d5 2. c4 e6 3. Nf3 Nf6 4. g3 dxc4 5. Bg2 Bb4+ 6. Nbd2 c6 7. a3 Ba5 8. 0-0 b5 9. b3 Ba6 10. bxc4 bxc4 11. Qc2 c3 12. Nb3 Bc4 13. Nxa5 Qxa5 14. Ne5 Qa6 15. Re1 0-0 16. Bf3 Nbd7 17. Qxc3 Nxe5 18. dxe5 Nd5 19. Qd4 Qa4 20. Qg4 Bb5 21. e4 Ne7 22. Be3 Ng6 23. Qg5 Qc2 24. Bd4 c5 25. Rac1 Qd3 26. Be3 c4 27. a4 Bxa4 28. Be2 Qa3 29. Bxc4 Rfc8 30. Ba6 Rxc1 31. Rxc1 Bd7 32. Bf1 Qb2 33. Rd1 Nxe5 34. Qe7 Qb7 35. Bf4 Nf3+ 36. Kh1 Qxe4 37. Qxd7 g5 38. Bg2 Rb8 39. Bxb8 1-0

[Event "Bassano del Grappa Vergani Cup"]
[Site "Bassano del Grappa"]
[Date "2023.02.05"]
[Round "9"]
[White "Nielsen, Viktor Haarmark"]
[Black "Tarhan, Adar"]
[Result "0-1"]
[WhiteElo "2388"]
[BlackElo "2296"]
[PlyCount "78"]
[EventDate "2023.02.01"]
[EventType "swiss"]
[EventRounds "9"]
[EventCountry "ITA"]
[SourceTitle "CBM 212 Extra"]
[Source "ChessBase"]
[SourceDate "2023.03.31"]
[SourceVersion "1"]
[SourceVersionDate "2023.03.31"]
[SourceQuality "1"]

1. e4 e5 2. Nf3 Nc6 3. Bb5 a6 4. Ba4 Nf6 5. 0-0 b5 6. Bb3 Bb7 7. d3 Bc5 8. Nc3 d6 9. a4 b4 10. Nd5 Na5 11. Ba2 Nxd5 12. exd5 0-0 13. c3 bxc3 14. bxc3 Bc8 15. d4 exd4 16. Nxd4 Qf6 17. Be3 Bd7 18. Bb1 Rfe8 19. Bd3 c6 20. dxc6 Nxc6 21. a5 Ne5 22. Be2 Qg6 23. Bf4 Qf6 24. Qd2 Nc6 25. Bf3 Rac8 26. Be3 Ne5 27. Be2 Qg6 28. Bf4 Bxd4 29. cxd4 Rc2 30. Qd1 Rxe2 31. Qxe2 Bc6 32. Bg3 Nf3+ 33. Qxf3 Bxf3 34. gxf3 h5 35. h4 f5 36. Kh2 Qf6 37. Kh3 f4 38. Bh2 Qf5+ 39. Kg2 Re6 0-1

[Event "DEN-chT 2223 60th"]
[Site "Denmark"]
[Date "2023.01.15"]
[Round "6.2"]
[White "Nielsen, Viktor Haarmark"]
[Black "Mikkelsen, Nikolaj"]
[Result "0-1"]
[WhiteElo "2384"]
[BlackElo "2475"]
[PlyCount "174"]
[EventDate "2022.10.29"]
[EventType "team-tourn"]
[EventRounds "9"]
[EventCountry "DEN"]
[SourceTitle "CBM 213 Extra"]
[Source "ChessBase"]
[SourceDate "2023.05.31"]
[SourceVersion "1"]
[SourceVersionDate "2023.05.31"]
[SourceQuality "1"]
[WhiteTeam "Obro"]
[BlackTeam "BMS"]
[WhiteTeamCountry "DEN"]
[BlackTeamCountry "DEN"]

1. d4 d5 2. c4 e6 3. Nf3 a6 4. g3 dxc4 5. Bg2 Nc6 6. 0-0 Rb8 7. Nc3 Nf6 8. e4 Be7 9. d5 exd5 10. exd5 Nb4 11. Ne5 Bf5 12. a3 Nd3 13. Nxc4 0-0 14. Be3 Re8 15. Qe2 Nc5 16. Rad1 Ng4 17. b4 Nd7 18. Qd2 Nde5 19. Nxe5 Nxe5 20. Bd4 Nc4 21. Qa2 Nd6 22. Rfe1 Bf6 23. Rxe8+ Nxe8 24. Qd2 Bxd4 25. Qxd4 Nd6 26. Re1 Qd7 27. Bf1 Re8 28. Re3 h6 29. h4 Re7 30. a4 Qe8 31. Rxe7 Qxe7 32. a5 Qe1 33. Qe3 Qxe3 34. fxe3 Kf8 35. Bg2 Ke7 36. e4 Bc8 37. Kf2 Kf6 38. Ke3 Ke5 39. Ne2 f5 40. exf5 Nxf5+ 41. Kd3 Bd7 42. Nf4 Nxh4 43. gxh4 Kxf4 44. Kd4 Kg3 45. Be4 Kxh4 46. d6 cxd6 47. Bxb7 Bb5 48. Be4 g5 49. Bd3 g4 50. Bxb5 axb5 51. a6 g3 52. a7 g2 53. a8Q g1Q+ 54. Kc3 Qe3+ 55. Kb2 Qd4+ 56. Ka2 Qc4+ 57. Ka1 Qxb4 58. Qd8+ Kg3 59. Qg8+ Qg4 60. Qb3+ Qf3 61. Qxb5 d5 62. Qb8+ Kg2 63. Qb2+ Kh3 64. Qb3 Kg4 65. Qb4+ Qe4 66. Qf8 Qe5+ 67. Ka2 h5 68. Qf2 Qe4 69. Ka1 h4 70. Qg1+ Kf5 71. Qf1+ Ke5 72. Qh3 Qe1+ 73. Ka2 Qg3 74. Qd7 Qg2+ 75. Kb3 Qf3+ 76. Kb2 h3 77. Qe7+ Kf4 78. Qd6+ Ke3 79. Qc5+ Ke2 80. Qc2+ Kf1 81. Ka1 Qa3+ 82. Kb1 Qb4+ 83. Ka1 Qd4+ 84. Kb1 Qe4 85. Ka1 h2 86. Qxh2 Qe1+ 87. Kb2 Qe2+ 0-1